000 01686nam0a22003251 4500
001 rc\2900501
005 20260406144108.0
035 _a(NLR Aleph) 007051858
090 _a6198912
_c6198912
100 _a20110801d1937 |||y0rusy50 ca
101 0 _arus
102 _aRU
105 _aa z |||||
135 _acrcn 024anaba
200 1 _aˆ"‰Руслан и Людмила"
_eОпера в 5 действиях по поэме А.С. Пушкина "Евгений Онегин"
_eЛирические сцены в 3 действиях, 7 картинах
_e[К постановке в театре]
_fП.И. Чайковский
_gУпр. по делам искусств при СНК Аз. ССР. Больш. гос. театр оперы и балета Аз. ССР им. М.Ф. Ахундова. Сезон 1936-1937 г.
210 _aБаку
_cБ. и.
_d1937
_gТип. "Красный Восток"
215 _a37, [1] с.
_cил.
_d25 см
300 _aБез тит. л. Описано по 2-й и 5-й с. текста
325 _aКопия доступна в Электрон. б-ке РНБ
702 1 _aЧайковский
_bП.И.
_4230
710 0 2 _aАзербайджанский театр оперы и балета им. Ахундова
_cБаку
_3RU\NLR\AUTH\889923382
_9342697
801 0 _aRU
_bNLR
_gpsbo
801 1 _aRU
_bELAR
_2rusmarc
852 _aNLR
_j37-12/155
942 _cBOOK
980 _aNB
981 2 2 _a(22) Материалы по истории России
_b(22) Культура. Наука. Просвещение.